UBT Library

HISTOLOGICAL TYPING OF INTESTINAL TUMOURS (Record no. 39210)

000 -LEADER
fixed length control field 00320nam a22001337a 4500
008 - FIXED-LENGTH DATA ELEMENTS--GENERAL INFORMATION
fixed length control field 171220b xxu||||| |||| 00| 0 eng d
020 ## - INTERNATIONAL STANDARD BOOK NUMBER
International Standard Book Number 514218001
041 ## - LANGUAGE CODE
Language code of text/sound track or separate title eng
080 ## - UNIVERSAL DECIMAL CLASSIFICATION NUMBER
Universal Decimal Classification number 611.085
100 ## - Rafti
Rafti 9
101 ## - Shkurtesa
Shkurtesa HIS
245 ## - TITLE STATEMENT
Title HISTOLOGICAL TYPING OF INTESTINAL TUMOURS
Statement of responsibility, etc MORSON,B.C
942 ## - ADDED ENTRY ELEMENTS (KOHA)
Source of classification or shelving scheme
Item type Books
Holdings
Withdrawn status Lost status Source of classification or shelving scheme Damaged status Not for loan Collection code Permanent location Current location Shelving location Date acquired Total Checkouts Full call number Barcode Date last seen Price effective from Koha item type
          Koleksioni i përgjithshem UBT - Lipjan UBT - Lipjan Koleksioni i përgjithshem 12/20/2017   611.085 MOR 002-2938944 12/20/2017 12/20/2017 Books
UBT Library © 2015-2024. All rights reserved University Education for Business and Technology